000 00528nam a2200193Ia 4500
003 OSt
005 20220926035536.0
006 a|||||r|||| 00| 0
007 ta
008 220923b |||||||| |||| 00| 0 eng d
037 _cGeneral Book
040 _aRTL
_cRTL
_beng
041 _2eng
_aeng
082 _aY:354.21.N, E2 D&W
100 _aThuston Edgar
_9342454
245 0 _aOmens and supersitions of Southern India.
942 _hY:354.21.N, E2 D&W
_cGB
_2CC
999 _c662505
_d662505